000 00558nam a2200181Ia 4500
003 IN-BaIIA
008 211028s9999 xx 000 0 eng d
040 _cIIA Library
080 _a082.2:52
_bASI-13
100 _aChengalur, J. N
_936916
245 0 _aProceedings of the metrewavelength sky
_cJ. N Chengalur
260 _aBengaluru
_bAstronomical Society of India
_c2014
300 _a[various pagings.]
650 _aMetrewave observation
_936917
650 _aSky
_92307
650 _aSun
_91200
942 _cBK
999 _c19315
_d19315